000 00412 a2200121 4500
001 ART_28310
005 20260410161855.0
008 260409a
245 1 0 _aLa gestión de los conflictos en las organizaciones de salud: hora de innovar
100 1 _aAizenberg, Marisa S.
700 1 _aDíaz, Ana I.
773 0 _tDerecho privado
_gDerecho a la salud - Año III, Nº 9 (dic. 2014)
_wREV10455
999 _c25344
_d25344